Catálogo
 En Linea
Vista normal Vista MARC

Entrada Nombre personal

Número de registros utilizados en: 1

001 - NÚMERO DE CONTROL

  • campo de control: 89276

003 - IDENTIFICADOR DEL NÚMERO DE CONTROL

  • campo de control: DO-SdBNP

005 - FECHA Y HORA DE LA ÚLTIMA TRANSACCIÓN

  • campo de control: 20260331100703.0

008 - DATOS DE LONGITUD FIJA

  • campo de control de longitud fija: 260331|| aza||aabn | a|a d

040 ## - FUENTE DE LA CATALOGACIÓN

  • Centro catalogador/agencia de origen: DO-SdBNP
  • Centro/agencia transcriptor: DO-SdBNP

100 ## - ENCABEZAMIENTO-NOMBRE DE PERSONA

  • Nombre de persona: Solano-Joseph, María Magdalena,
  • Fechas asociadas al nombre: 1957-
  • Subdivisión general: Viajes
  • Subdivisión geográfica: Cuba

670 ## - FUENTE DE DATOS ENCONTRADOS

  • Cita de la fuente: Work cat.: (DO-SdBNP)52161: Solano Joseph, María Magdalena autor 81971 aut., Cuba :

Con tecnología Koha